Piłkarze Śląska Wrocław - nagła śmierć - Statystyki

Ogólne statystyki
  • Ten quiz został rozwiązany 52 razy
  • Średni wynik to 12 z 20
Answers on the Grid
Answers color-coded by a green-red scale on the quiz's grid according to % correct below.
Bartosz Kapustka
Jarosław Fojut
Karol Angielski
Filip Majchrowicz
Dawid Abramowicz
Jakub Słowik
Łukasz Gikiewicz
Jan Grzesik
Dino Štiglec
Wojciech Golla
Xavier Dziekoński
Rafał Gikiewicz
Dawid Błanik
Miłosz Strzeboński
Wiktor Długosz
Serafin Szota
Nikodem Niski
Tom Hateley
Sebastian Strózik
Jakub Kuzdra
Sebastian Rudol
Karol Borys
Piotr Wlazło
Krzysztof Mączyński
Mateusz Zyro
Arkadiusz Wozniak
Tomasz Hołota
Michal Nalepa
Marcin Cebula
Jakub Czerwiński
Martin Konczkowski
Tomasz Kuszczak
Filip Borowski
Karol Szymański
Łukasz Broź
Lubambo Musonda
Hubert Matynia
Adam Kokoszka
Marko Kolar
Sebastian Musiolik
 
Statystyki odpowiedzi
Odpowiedź % Poprawnych
Łukasz Gikiewicz
77%
Rafał Gikiewicz
77%
Wojciech Golla
77%
Serafin Szota
73%
Dino Štiglec
68%
Krzysztof Mączyński
66%
Karol Borys
64%
Sebastian Musiolik
64%
Tom Hateley
64%
Marcin Cebula
61%
Adam Kokoszka
57%
Jakub Słowik
57%
Karol Angielski
57%
Lubambo Musonda
57%
Łukasz Broź
55%
Martin Konczkowski
55%
Jarosław Fojut
52%
Tomasz Hołota
50%
Dawid Abramowicz
25%
Tomasz Kuszczak
16%
Nie znaleziono quizów pasujących do podanych kryteriów
Rozkład punktacji
Procent ludzi z każdym wynikiem
Percentyl według liczby udzielonych odpowiedzi
Twoja historia wyników
Nie rozwiązałeś tego quizu